| 000 | 00376cam a2200145ua 4500 | ||
|---|---|---|---|
| 003 | OSt | ||
| 008 | 250506b |||||||| |||| 00| 0 eng d | ||
| 041 | _aeng | ||
| 082 |
_a624.17 _bAXE/ST |
||
| 100 |
_aAxelrad, D.R . _97464 |
||
| 245 | _aStrength of materials for engineers / | ||
| 260 |
_aLondon : _bSir Isaac Pitman & Sons Ltd , _c1959. |
||
| 300 | _a546 ; . | ||
| 942 | _cBK | ||
| 999 |
_c10062 _d10062 |
||